000 00593nam a2200277Ia 4500
005 20260401122257.0
008 008 250103s9999 xx 000 0 eng d
020 _a393925323
037 _aTB
040 _aEDL
040 _beng
040 _cEDL
041 _2eng
041 _aeng
084 _a820 GRE
084 _qEDL
245 0 _aNorton Anthology of English Literature
260 _aNew York
260 _bW.W. Norton & Company
260 _c2006
300 _a2877p
942 _cTB
942 _h820 GRE
999 _c1846158
_d1846158